Hrají a zpívají Plzeňáci
| Main Author: | Krček, Jaroslav, 1939- |
|---|---|
| Other Authors: | Illík, Drahomír |
| Language: | Czech |
| Published: |
Praha : Supraphon, 1976 |
| Edition: | 1. vyd. |
| Series: |
Sborník Supraphonu
|
| Physical Description: |
23 s. |
| LEADER | 01349ncm a22002772a 4500 | ||
|---|---|---|---|
| 001 | 001083617 | ||
| 003 | CZ BrMZK | ||
| 005 | 20100402100038.0 | ||
| 007 | qu | ||
| 008 | 100122s1976 xr |||||||||||||||||cze d | ||
| 040 | |a BOA001 |b cze | ||
| 072 | 7 | |a 784 |x Vokální hudba |2 Konspekt |9 9 | |
| 100 | 1 | |a Krček, Jaroslav, |d 1939- |7 jn19990209419 |4 arr | |
| 245 | 1 | 0 | |a Hrají a zpívají Plzeňáci |h [hudebnina] / |c upravil Jaroslav Krček a Drahomír Illík |
| 250 | |a 1. vyd. | ||
| 260 | |a Praha : |b Supraphon, |c 1976 | ||
| 300 | |a 23 s. | ||
| 490 | 1 | |a Sborník Supraphonu ; |v 79 | |
| 500 | |a Jednohlasý zpěv a harmonika | ||
| 505 | 0 | 0 | |t Já tě, Manka, nechci -- |t Zafúkyj větříčku -- |t Třikrát sem vobešel Pašešnici -- |t Moje milá -- |t Košilička bílá neválená -- |t Budějce, Budějce -- |t Až já půjdu vod Třeboně cestou -- |t Až budou lovit záblatskej rybníček -- |t Když sem kovál koníčky -- |t Mrákovská věž -- |t U Rokycan černej les -- |t Jistí páni z Třeboně -- |t Svítá, svítá, bude den -- |t Když sem já šel vod hubjičky -- |t Kolem dokolečka -- |t Šel šmatlavej do tance |
| 700 | 1 | |a Illík, Drahomír |7 jk01050521 |4 arr | |
| 830 | 0 | |a Sborník Supraphonu | |
| 910 | |a BOA001 |b Mus1-0765.857 | ||
| 990 | |a MU | ||
| 991 | |b 201003 | ||
| 996 | 6 | |b 2619328747 |c Mus1-0765.857 |l MZK |r Sklad / do 1 hodiny |n 3 |w 001106235 |u 000010 |a 1 |e BOA001 |j MZK50 |s P | |
English
Čeština 